Statistics for Best MLB Player From Every Team (All time)

Click here to take the quiz!

General Stats

  • This quiz has been taken 46 times
  • The average score is 17 of 30

Answer Stats

TeamPlayer% Correct
Red SoxBabe Ruth
97%
YankeesBabe Ruth
97%
OriolesCal Ripken Jr.
82%
BravesHank Aaron
76%
PhilliesMike Schmidt
76%
GiantsBarry Bonds
74%
PiratesBarry Bonds
74%
MarinersKen Griffey Jr.
71%
AngelsMike Trout
71%
RoyalsGeorge Brett
66%
RedsPete Rose
66%
DiamondbacksRandy Johnson
63%
MarlinsMiguel Cabrera
61%
RangersAlex Rodriguez
55%
AstrosJeff Bagwell
53%
CardinalsAlbert Pujols
50%
White SoxFrank Thomas
50%
AthleticsRickey Henderson
50%
PadresTony Gwynn
50%
RockiesLarry Walker
47%
DodgersSandy Koufax
47%
MetsWillie Mays
42%
TwinsHarmon Killebrew
39%
CubsSammy Sosa
39%
GuardiansJim Thome
32%
Blue JaysRoger Clemens
32%
BrewersRyan Braun
29%
NationalsMax Scherzer
26%
TigersMax Scherzer
26%
RaysCarl Crawford
16%

Score Distribution

Percentile by Number Answered

Percent of People with Each Score

Your Score History

You have not taken this quiz